Aasian saaria - Statistics

Yleistilastot
  • Tätä visaa on pelattu 261 kertaa
  • Keskiarvotulos 14 / 22
Vastaustilastot
Vihje Vastaus % Oikein
Saarivaltio Intiasta kaakkoon Sri Lanka
95%
Pohjoisin Japanin neljästä pääsaaresta Hokkaido
93%
Tunnettu aiemmin nimellä Formosa Taiwan
88%
Kaupunkivaltio Malakan niemimaan kärjessä Singapore
85%
Japanin väkirikkain saari Honshu
84%
Indonesian tunnetuin lomasaari Bali
77%
Saarivaltio Persianlahdella Bahrain
76%
Indonesian, Malesian ja Brunein jakama saari Borneo
74%
Maailman väkirikkain saari Jaava
72%
Malakansalmi erottaa tämän saaren Malesiasta Sumatra
66%
Lomasaari eteläisessä Thaimaassa Phuket
63%
Tämän saaren itäosa itsenäistyi vuonna 2002 Timor
61%
Saari, jolla Manila sijaitsee Luzon
56%
Maailman toiseksi suurin saari Uusi-Guinea
55%
Jakaa nimensä Yhdistyneiden arabiemiirikuntien toiseksi suurimman kaupungin kanssa Abu Dhabi
52%
Tuliperäinen saari, joka purkautui suurella voimalla 1883 Krakatau
51%
Suurin Japanin Riukiusaarista Okinawa
51%
Venäjän suurin saari Sahalin
48%
Kiinan suurin saari Hainan
43%
Suurin saari Filippiinien eteläosassa Mindanao
38%
Saari, jolla Etelä-Korean suurin vuori sijaitsee Jeju
35%
Suuri Jemenille kuuluva saari Arabianmerellä Sokotra
33%
Ehtoja vastaavia visoja ei löytynyt
Tulosjakauma
Jokaisen tuloksen saaneiden osuus
Persentiili vastausten määrän mukaan
Tuloshistoriasi
Et ole pelannut tätä visaa